000
00337 a2200157 4500
001
159370
020
_a
040
_c
Magnum
100
_a
Ed. Abril
240
1
0
_a
Revista recreio : mes de julho
_l
por
245
1
0
_a
Revista recreio : mes de julho
362
0
_a
1899
440
1
_a
Abril
697
_a
MAGNITO: J/GERAL
942
_c
BK
999
_c
159370
_d
159370